000 00636nam a2200229Ia 4500
003 OSt
005 20220930184942.0
006 a|||||r|||| 00| 0
007 ta
008 220926b |||||||| |||| 00| 0 eng d
024 _a87304
037 _cTextbook
040 _aCRL
_cCRL
_beng
041 _2eng
_aeng
082 _aL, L5
245 0 _aFolia medica
_b facultatis medicinae universitatis saraeviensis-vol.x
260 _aJugoslavia
_bEdito Facultatis Medininae Universitatis Seraeviensis Jugoslavia
_c1975
300 _a290p.
_ccm.
650 _aMEDICINE
942 _hL, L5
_cTB
_2CC
999 _c889334
_d889334